000 00551cam a2200193 4500500
005 20260329003206.0
041 _afre
042 _adc
100 1 0 _aPiringer, Bernd
_eauthor
245 0 0 _aCarpes de Noël à la Marx
260 _c2014.
500 _a26
690 _aCuisine
690 _aMarx
690 _aNoël
690 _aRecette
786 0 _nPhilosophie magazine | 85 | 12-1 | 2014-12-01 | p. 81-81 | 1951-1787
856 4 1 _uhttps://shs.cairn.info/magazine-philosophie-magazine-2014-12-1-page-81?lang=fr&redirect-ssocas=7080
999 _c1822246
_d1822246